| 000 | 01125nam a22002415i 4500 | ||
|---|---|---|---|
| 001 | 153855 | ||
| 003 | ES-MaACL | ||
| 005 | 20230906205416.0 | ||
| 008 | 040727s1900 sp |||| | spa d | ||
| 040 |
_aCAM _bspa _cCAM |
||
| 080 | _a347.265(460) | ||
| 080 | _a332.334(460):630 | ||
| 245 | 0 | 0 |
_aInstrucción para el deslinde y amojonamiento de los montes declarados de utilidad pública / _cDirección General de Agricultura, Industria y Comercio, Montes. |
| 260 |
_aMadrid : _b[s.n.], _c1900 ( _fImprenta de Ricardo Rojas) |
||
| 300 |
_a19 p. ; _c24 cm. |
||
| 530 | _aDisponible también en sito web. | ||
| 594 | _aPrecede al título: Dirección General de Agricultura, Industria y Comercio, Montes. | ||
| 650 | 4 |
_aDeslinde- _zEspaña. _9148107 |
|
| 650 | 4 |
_aMontes de utilidad pública- _zEspaña. _9148108 |
|
| 710 | 1 |
_aEspaña. _bDirección General de Agricultura, Industria y Comercio. _93869 |
|
| 852 |
_aES-MaACL _jG-9537(6) _z-- Enc. hol. _z-- Enc. en un vol. facticio |
||
| 856 |
_uhttp://bibliotecadigitalhispanica.bne.es:80/webclient/DeliveryManager?pid=1840398&custom_att_2=simple_viewer _zIr a la página |
||
| 999 |
_c153855 _d153855 |
||